000 00545nam a2200193Ia 4500
999 _c30212
_d30212
003 OSt
005 20210104111853.0
008 190216s9999||||xx |||||||||||||| ||und||
020 _a9788192782287
040 _coclc
082 _a954
_bNAR/G
100 _aNarayanan, M G S
_93246
245 0 _aGuru Gundert Ezhuthachan Sainudheen Makhdum /
_cM G S Narayanan
250 _a1st Ed.
260 _bRaspbery Books,
_c2017.
_aKozhikode:
300 _a72p
650 _aMalayalam
942 _cBK
_2ddc
_h954
_iNAR/G
_k954
_mNAR/G